El Desnarigado : cuento / Agustín Maranés Morilla ; [ilustrado por Joaquín Maranés Martínez] cuento / Agustín Maranés Morilla ; [ilustrado por Joaquín Maranés Martínez]
Descripción Física:
56 p. : il. ; 21 cm
Materias:
Contes àrabs
MARC
| LEADER | 00000nam a2200000Ia 4500 | ||
|---|---|---|---|
| 001 | 19278 | ||
| 008 | 160829s9999 xx 000 0 cat d | ||
| 080 | |a L-2-88 | ||
| 100 | |a Maranés Morilla, Agustín |9 45612 | ||
| 245 | |a El Desnarigado : |b cuento / Agustín Maranés Morilla ; [ilustrado por Joaquín Maranés Martínez] | ||
| 260 | |a Barcelona : |b Casa de Ceuta en Barcelona, [s.a.] | ||
| 300 | |a 56 p. : |b il. ; |c 21 cm | ||
| 490 | |a Cuadernos de la Casa de Ceuta. Colección Narrativa ; 2 | ||
| 590 | |a Amb la col·laboració de la Diputació de Barcelona | ||
| 650 | |a Contes àrabs |9 45613 | ||
| 700 | |a Casa de Ceuta Virgen de Africa en Barcelona Maranés Martínez, Joaquín, il. |9 45614 | ||
| 901 | |a Arxiu | ||
| 942 | |n 1 | ||
| 952 | |0 0 |1 0 |4 0 |6 L288 |7 1 |9 52735 |a Arxiu |b Arxiu |d 2016-12-01 |l 0 |o L-2-88 |p 19278 |r 2016-12-01 00:00:00 |w 2016-12-01 |y ARXIU | ||
| 999 | |c 56584 |d 56584 | ||